Estadísticas para Países del Medio Oriente

Haz click aquí para tomar la prueba!

Estadísticas generales

  • Esta prueba ha sido tomada 4.472 veces
  • La puntuación promedio es 16 de 17

Respuestas en el mapa

Las respuestas están codificadas por una escala verde-roja en el mapa de la prueba según el % correcto abajo.
 

Estadísticas de respuestas

País% Correcto
Arabia Saudita
98%
Irak
98%
Irán
98%
Israel
98%
Palestina
98%
Yemen
97%
Omán
96%
Siria
96%
Jordania
95%
Catar
94%
Emiratos Árabes Unidos
94%
Turquía
94%
Egipto
93%
Líbano
90%
Kuwait
89%
Baréin
85%
Chipre
84%

Distribución de puntuación

Porcentaje por número respondido

Porcentaje de gente con cada puntuación

Historial de tus puntuaciones

No has tomado esta prueba